000 01131nam a22003377a 4500
005 20150217154302.0
010 _aENG-98519
020 _a9780070703421
_c495.00
020 _a9789339205126
_c675.00
035 _aEN-82052
035 _aB-538217
035 _aB-424656-680
037 _bBlueberry Books
037 _bDBAD
037 _bKKP
_adpl
082 _a000
100 _aSharma, Arun
245 _aHow to prepare quantative apptitude for the CAT /
_cby Arun Kumar
250 _a3rd ed
260 _aNew Delhi
_bTata McGraw-Hill
_c2011
260 _aNew Delhi
_bTata McGraw-Hill
_c2014
270 _a7 West Patel Nagar
_bNew Delhi
_e110008
270 _a4806/24, Bharat Ram Road,Darya Ganj,
_bNew Delhi
_e110002
300 _axxxi,622p.:
_bill.
_c27cm (pbk)
300 _axxxi,768 P
_bill.
_c27cm (pbk)
500 _a6th ed
650 _aComplete Exam, CAT
942 _2ddc
_cEN
_h000
_mSHA
999 _c39670
_d39670